000 00774nam a2200241 a 4500
001 BRL_1193
005 20190320211057.0
008 261113s1972----mx-ab#####---#000-0#spa-#
041 _aspa
044 _amx
050 4 _aF1221.M25
_b.Q4 1972
100 1 _aQuezada Ramírez, María Noemí
_926073
245 1 0 _aLos Matlatzincas
_bepoca prehispánica y epoca colonial hasta 1650
_cMaría Noemí Quezada Ramírez.
260 _aMéxico
_bI.N.A.H, Departamento de Investigaciones Históricas
_c1972
300 _a142 p.
_bil.
_c26 cm.
440 0 _aSerie investigaciones
_v22
_926074
500 _aAu1936
504 _aBibliografía: p. 137-142
650 1 4 _aMatlatzincas
_923863
650 1 4 _aIndígenas de México
_xAntigüedades
_9509
902 _aGRL
942 _2lcc
_cB
999 _c10005
_d10005